Congenital anomalies of the heart: (Record no. 42985)
[ view plain ]
| 000 -LEADER | |
|---|---|
| fixed length control field | 00591cam4a220019300 4500 |
| 001 - CONTROL NUMBER | |
| control field | tmp15733264 |
| 003 - CONTROL NUMBER IDENTIFIER | |
| control field | UPRA |
| 005 - DATE AND TIME OF LATEST TRANSACTION | |
| control field | 20190814131602.0 |
| 008 - FIXED-LENGTH DATA ELEMENTS--GENERAL INFORMATION | |
| fixed length control field | 951016s1980 ja eng u |
| 020 ## - INTERNATIONAL STANDARD BOOK NUMBER | |
| International Standard Book Number | 0896400360 |
| 035 ## - SYSTEM CONTROL NUMBER | |
| System control number | (Sirsi) r24027 |
| 050 ## - LIBRARY OF CONGRESS CALL NUMBER | |
| Classification number | RC 687 OKA 1980 |
| 100 1# - MAIN ENTRY--PERSONAL NAME | |
| Personal name | Okamoto, N. |
| 245 10 - TITLE STATEMENT | |
| Title | Congenital anomalies of the heart: |
| Remainder of title | embryologic, morphologic and experimental teratology/ |
| Statement of responsibility, etc. | byNaomasa Okamoto |
| 260 ## - PUBLICATION, DISTRIBUTION, ETC. | |
| Place of publication, distribution, etc. | Tokyo: |
| Name of publisher, distributor, etc. | Igaku-Shoin, |
| Date of publication, distribution, etc. | [1980] |
| 504 ## - BIBLIOGRAPHY, ETC. NOTE | |
| Bibliography, etc. note | Includes bibliographical references. |
| 650 #0 - SUBJECT ADDED ENTRY--TOPICAL TERM | |
| Topical term or geographic name entry element | Cardiology |
| 650 #0 - SUBJECT ADDED ENTRY--TOPICAL TERM | |
| Topical term or geographic name entry element | Congenital heart disease |
No items available.